Statistics for Gold Coast Airport Destinations (Gold Coast, Australia)

Click here to take the quiz!

General Stats

  • This quiz has been taken 33 times
  • The average score is 17 of 31

Answer Stats

AirlineDestination% Correct
Bonza/Jestar/Qantas/QantasLink/Rex Airlines/Virgin AustraliaMelbourne
100%
Jestar/Qantas/QantasLink/Res Airlines/Virgin AustraliaSydney
100%
Air New Zealand/JestarAuckland
95%
Bonza/JestarCairns
91%
BonzaDarwin
91%
JestarPerth
91%
JestarWellington
91%
Air New Zealand/JestarChristchurch
86%
Jestar/QantasLink/Virgin AustraliaAdelaide
82%
Jestar/Virgin AustraliaCanberra
77%
BonzaTownsville
77%
JestarHobart
73%
AirAsia XKuala Lumpur
68%
JestarNewcastle
68%
BonzaMackay
59%
Virgin AustraliaDenpasar
55%
BonzaRockhampton
45%
BonzaAlbury
41%
BonzaLaunceston
41%
Bonza/JestarAvalon
36%
BonzaMount Isa
36%
JestarQueenstown
36%
BonzaMildura
32%
BonzaGladstone
27%
Eastern Air ServicesPort Macquarie
23%
BonzaBundaberg
18%
BonzaProserpine
14%
Seair PacificHervey Bay
9%
Eastern Air ServicesLord Howe Island
5%
Seair PacificLady Elliot Island
0%
Seair PacificRedcliffe
0%

Score Distribution

Percentile by Number Answered

Percent of People with Each Score

Your Score History

You have not taken this quiz